Psychologie cognitive (notice n° 1567628)

détails MARC
000 -LEADER
fixed length control field 01252cam a2200133 4500500
005 - DATE AND TIME OF LATEST TRANSACTION
control field 20251214003232.0
041 ## - LANGUAGE CODE
Language code of text/sound track or separate title fre
042 ## - AUTHENTICATION CODE
Authentication code dc
100 10 - MAIN ENTRY--PERSONAL NAME
Personal name da Silva Neves, Rui
Relator term author
245 00 - TITLE STATEMENT
Title Psychologie cognitive
260 ## - PUBLICATION, DISTRIBUTION, ETC.
Name of publisher, distributor, etc. Armand Colin,<br/>
Date of publication, distribution, etc. 2011.<br/>
520 ## - SUMMARY, ETC.
Summary, etc. Née dans les années 1950-1960 d’une pluralité d'influences, la psychologie cognitive, dont l'objectif est de comprendre les mécanismes de la pensée, a connu ces dernières années d’importants progrès dans la conception et la modélisation des processus par lesquels les représentations mentales sont construites, révisées et utilisées dans le cadre des diverses activités humaines « intelligentes ». Cet ouvrage présente un point de vue synthétique sur plusieurs modèles et résultats essentiels de la psychologie cognitive et aborde les thèmes de la mémoire, des représentations, et des activités mentales opérant sur ces représentations. Cette nouvelle édition, totalement refondue, approfondit le traitement de l’approche connexionniste et intègre un chapitre dédié à l’étude des interactions entre émotion et cognition.
856 41 - ELECTRONIC LOCATION AND ACCESS
Uniform Resource Identifier <a href="https://shs.cairn.info/psychologie-cognitive--9782200270186?lang=fr&redirect-ssocas=7080">https://shs.cairn.info/psychologie-cognitive--9782200270186?lang=fr&redirect-ssocas=7080</a>

Pas d'exemplaire disponible.

PLUDOC

PLUDOC est la plateforme unique et centralisée de gestion des bibliothèques physiques et numériques de Guinée administré par le CEDUST. Elle est la plus grande base de données de ressources documentaires pour les Étudiants, Enseignants chercheurs et Chercheurs de Guinée.

Adresse

627 919 101/664 919 101

25 boulevard du commerce
Kaloum, Conakry, Guinée

Réseaux sociaux

Powered by Netsen Group @ 2025